| 000 | 01225nam a2200301 c 4500 | ||
|---|---|---|---|
| 003 | BLK | ||
| 005 | 20180422111136.0 | ||
| 008 | 180409b bul|||||r ||||||| ||bul|| | ||
| 010 | _aKNG00131677000 | ||
| 020 |
_a978-954-8248-72-3 _bиздат.: Работилница за книжнина Васил Станилов |
||
| 040 | _aBLK | ||
| 041 |
_aBUL _cBUL |
||
| 072 | 7 |
_2bullib _aН84 _xБългарска художествена литература Н |
|
| 080 |
_aБългарска литература _b821.163.2 _x-992 _z821.163.2-992 |
||
| 100 | 1 |
_aСтанилов, Васил Павлов _eпърви автор _9365419 |
|
| 139 |
_aСтанилов, Васил Павлов _bС 69 |
||
| 245 | 1 | 0 |
_aИдваме от остров Певки _bПътеписи _cВасил Павлов Станилов. |
| 257 | _aBGR | ||
| 260 |
_аСофия _bРаботилница за книжнина Васил Станилов _c2010 _fСофия : Ави принт |
||
| 300 |
_a196 с., 12 л. _bс ил., портр. _c24 см |
||
| 380 | _aX | ||
| 659 | _aН | ||
| 852 | _aЦб 255572 | ||
| 856 | 4 |
_qpdf _u |
|
| 856 | 4 |
_qpdf _u |
|
| 942 |
_cKNG _n0 |
||
| 944 |
_aCR _c26.06.2012 _kМилена_Ачева |
||
| 944 |
_aED _c12.11.2012 _k |
||
| 999 |
_c125998 _d125998 |
||